<?xml version="1.0" encoding="UTF-8"?>
<record
    xmlns:xsi="http://www.w3.org/2001/XMLSchema-instance"
    xsi:schemaLocation="http://www.loc.gov/MARC21/slim http://www.loc.gov/standards/marcxml/schema/MARC21slim.xsd"
    xmlns="http://www.loc.gov/MARC21/slim">

  <leader>00844nab a2200193 i 4500</leader>
  <controlfield tag="001">190400</controlfield>
  <controlfield tag="003">ES-MaACL</controlfield>
  <controlfield tag="005">20231227133059.0</controlfield>
  <controlfield tag="008">210128s2006    sp            000 s spa d</controlfield>
  <datafield tag="100" ind1="1" ind2=" ">
    <subfield code="a">Gonz&#xE1;lez Serrano, U.,</subfield>
    <subfield code="d">1848-1904</subfield>
    <subfield code="9">58968</subfield>
  </datafield>
  <datafield tag="245" ind1="1" ind2="0">
    <subfield code="a">Discurso le&#xED;do por Urbano Gonz&#xE1;lez Serrano : </subfield>
    <subfield code="b">el 17 de diciembre de 1881, en el Ateneo de Madrid, al celebrar dicha sociedad la velada en honor del malogrado Sr. Revilla.</subfield>
  </datafield>
  <datafield tag="600" ind1="1" ind2="4">
    <subfield code="a">Revilla, Manuel de la,</subfield>
    <subfield code="d">1846-1881</subfield>
    <subfield code="9">96432</subfield>
  </datafield>
  <datafield tag="610" ind1="2" ind2="4">
    <subfield code="a">Ateneo de Madrid-</subfield>
    <subfield code="v">Conferencias-</subfield>
    <subfield code="y">S.XIX.</subfield>
    <subfield code="9">1910</subfield>
  </datafield>
  <datafield tag="650" ind1=" " ind2="4">
    <subfield code="a">Neokantismo.</subfield>
    <subfield code="9">227177</subfield>
  </datafield>
  <datafield tag="773" ind1="0" ind2=" ">
    <subfield code="t">Kant en Espa&#xF1;a : el neokantismo en el siglo XIX,</subfield>
    <subfield code="d">Madrid : Verbum, [2006], </subfield>
    <subfield code="z">ISBN 8479623586,</subfield>
    <subfield code="g">p. 692-705</subfield>
    <subfield code="0">114574</subfield>
    <subfield code="w">114574</subfield>
    <subfield code="9">118875</subfield>
  </datafield>
  <datafield tag="942" ind1=" " ind2=" ">
    <subfield code="c">ANAM</subfield>
    <subfield code="2">udc</subfield>
  </datafield>
  <datafield tag="999" ind1=" " ind2=" ">
    <subfield code="c">190400</subfield>
    <subfield code="d">190400</subfield>
  </datafield>
</record>
